000 00460cam a2200193ua 4500
001 5401
005 20260515113857.0
008 120901n xxk |||gr||||Z||||||eng
020 _a0-7156-1775-3
040 _cMAIN
082 _a821
100 _aHough, Graham,
_eAuthor,
245 1 0 _aThe last romantics
_cby Graham Hough
250 _a1st.
260 _aLondon:
_bDuckworth,
_c1983.
300 _axix;284p:
_c18cm.
653 _aEnglish poetry
942 _cBK
999 _c4578
_d4578